000 00412nam a2200169Ia 4500
005 20250423100631.0
008 250422s9999 xx 000 0 und d
020 _a0- 06- 042344- 7
050 _aHG 4011 .G5/
100 _aLawrence J. Gitman
245 0 _aPrinciples of managerial finance
260 _bHarper & Row
260 _c1976
300 _a649 p
650 _aCorporations- finance
942 _cBK
999 _c33893
_d33893